Normal view
MARC view
Entry Personal Name
001 - CONTROL NUMBER
- control field: 16706
003 - CONTROL NUMBER IDENTIFIER
- control field: ARRUPE
005 - DATE AND TIME OF LATEST TRANSACTION
- control field: 20150327123205.0
008 - FIXED-LENGTH DATA ELEMENTS
- fixed length control field: 150327|| aca||aabn | a|a d
040 ## - CATALOGING SOURCE
- Original cataloging agency: ARRUPE
- Transcribing agency: ARRUPE
100 ## - HEADING--PERSONAL NAME
- Personal name: Jonathan Magonet (series general editor)
670 ## - SOURCE DATA FOUND
- Source citation: Work cat.: (ARRUPE): Homolka, W. 16703, Jewish identity in modern times , 1995